Υποκειμενικότητα και εξουσία : για τη θεωρία της ιδεολογίας
Saved in:
| Main Author: | |
|---|---|
| Format: | Book |
| Language: | Greek |
| Published: |
Αθήνα :
Πλέθρον,
1992.
|
| Series: | Θεωρία και κοινωνία (Πλέθρον)
|
| Subjects: | |
| Tags: |
Add Tag
No Tags, Be the first to tag this record!
|
MARC
| LEADER | 00000cam a2200000 i 4500 | ||
|---|---|---|---|
| 001 | 1/77333 | ||
| 008 | 950221s1992 gr | ||| |||| ||gre|| | ||
| 020 | |a 9607599608 | ||
| 035 | |a 1993 |b 1 |c Βρατσάλης |l 10032634 | ||
| 040 | |a GR-MY-UA |b gre |e aacr | ||
| 041 | 0 | |a gre | |
| 082 | 7 | |a 140 |2 (22) | |
| 100 | 1 | |a Δοξιάδης, Κύρκος, |d 1955- | |
| 245 | 1 | 0 | |a Υποκειμενικότητα και εξουσία : |b για τη θεωρία της ιδεολογίας / |c Κύρκος Δοξιάδης. |
| 260 | |a Αθήνα : |b Πλέθρον, |c 1992. | ||
| 300 | |a 210 σ. ; |c 22 εκ. | ||
| 490 | 1 | |a (Θεωρία και κοινωνία / Πλέθρον) | |
| 504 | |a Περιέχει βιβλιογραφικές παραπομπές και ευρετήριο. | ||
| 650 | 0 | 0 | |a Ideology. |
| 830 | 0 | |a Θεωρία και κοινωνία (Πλέθρον) | |
| 852 | |a INST |b LESVOS |e 19950221 |h 140 ΔΟΞ |p 005100002823 |q 005100002823 |t BK |y 0 | ||
| 852 | |a INST |b RHODES |e 19960806 |h 140 ΔΟΞ |p 005400009624 |q 005400009624 |t BK |y 0 | ||
| 909 | |a Ρ |b 026009 | ||
| 909 | |a Λ |b 024283 | ||
| 970 | |z 1995/02 | ||